Kliknij aby przetłumaczyć – gwara poznańska - Statystyki

Ogólne statystyki
  • Ten quiz został rozwiązany 256 razy
  • Średni wynik to 14 z 20
Statystyki odpowiedzi
Hint Odpowiedź % Poprawnych
ziemniak pyra
88%
ssać cyckać
85%
ty tej
85%
noga gira
84%
okulary bryle
83%
ugryźć chapsnąć
82%
tylko ino
81%
pisać niewyraźnie grygolić
80%
kot kociamber
78%
przygotowywać rychtować
76%
kromka sznytka
74%
papierowa torebka tytka
65%
mieszać merdać
64%
ludzie wiara
62%
tramwaj bimba
61%
dużo wuchta
57%
pieniądze bejmy
56%
skrzynia kasta
54%
jeść futrować
43%
dzielnica fyrtel
42%
Nie znaleziono quizów pasujących do podanych kryteriów
Rozkład punktacji
Procent ludzi z każdym wynikiem
Percentyl według liczby udzielonych odpowiedzi
Twoja historia wyników
Nie rozwiązałeś tego quizu